Superfitialis allergiás vasculitisek klinikumáról

Elmentve itt :
Bibliográfiai részletek
Szerzők: Heszler Erzsébet
Szabó Éva
Husz Sándor
Dokumentumtípus: Cikk
Megjelent: 1969
Sorozat:BŐRGYÓGYÁSZATI ÉS VENEROLÓGIAI SZEMLE 45
Tárgyszavak:
mtmt:2019550
Online Access:http://publicatio.bibl.u-szeged.hu/34124
LEADER 00730nab a2200217 i 4500
001 publ34124
005 20250613155601.0
008 250613s1969 hu o 000 hun d
022 |a 0006-7768; 2064-261X 
024 7 |a 2019550  |2 mtmt 
040 |a SZTE Publicatio Repozitórium  |b hun 
041 |a hun 
100 1 |a Heszler Erzsébet 
245 1 0 |a Superfitialis allergiás vasculitisek klinikumáról  |h [elektronikus dokumentum] /  |c  Heszler Erzsébet 
260 |c 1969 
300 |a 193-199 
490 0 |a BŐRGYÓGYÁSZATI ÉS VENEROLÓGIAI SZEMLE  |v 45 
650 4 |a Klinikai orvostan 
700 0 1 |a Szabó Éva  |e aut 
700 0 1 |a Husz Sándor  |e aut 
856 4 0 |u http://publicatio.bibl.u-szeged.hu/34124/7/aok_klny_690_69.pdf  |z Dokumentum-elérés